| 000 | 01114nas a2200313 4500 | ||
|---|---|---|---|
| 001 | BR2013009502 | ||
| 003 | BR-BrBNA | ||
| 005 | 20231205123434.0 | ||
| 007 | ta | ||
| 008 | 230509b bl.|||p| |||| 00| 00por d | ||
| 040 |
_aBR-BrBNA _bpor _cBiblioteca Nacional de Agricultura |
||
| 041 | _a(Pt) | ||
| 072 | _aF30 | ||
| 100 | 1 | _aOliveira, D.A. de | |
| 100 | 1 | _aPaula, M.F.B. de | |
| 100 | 1 | _aPimenta, M.A.S. | |
| 100 | 1 | _aBraga, R.F. | |
| 100 | 1 | _aFerreira, M.F.M. | |
| 100 | 1 | _aRodrigues, L.A. | |
| 245 | 1 | _aVariabilidade genética de populações de fava d'anta (Dimorphandra mollis)da região norte do Estado de Minas Gerais | |
| 246 | 1 | _aGenetic variability of fava d'anta (Dimorphandra mollis)populations ine northern Minas Gerais | |
| 650 | _aFAVEIRA | ||
| 650 | _aDIMORPHANDRA MOLLIS | ||
| 650 | _aVARIAÇÃO GENÉTICA | ||
| 773 | 0 |
_tRevista Árvore (Brazil) _xISSN 0100-6762 _g(Mar-Apr 2008), v. 32(2) p. 355-363 _wBR2013009502 |
|
| 856 | 4 |
_uhttp://www.scielo.br/pdf/rarv/v32n2/a18v32n2.pdf _yRecurso eletrônico (PDF) |
|
| 909 |
_a202311 _bLúcia _c55 _dLúcia Elande |
||
| 942 |
_2AGRIS _n0 _cANA |
||
| 999 |
_c233873 _d233873 |
||